[Event "Summer Prague Open 2023 - A"]
[Site "Olympik hotel, Sokolovska 138, Praha"]
[Date "2023.08.05"]
[Round "2"]
[Board "4"]
[White "Krause, Benedict"]
[Black "Minana Menor, Antonio"]
[Result "1-0"]
[WhiteElo "2409"]
[BlackElo "2093"]
[PlyCount "0"]
[EventDate "2023.08.04"]
[EventRounds "9"]
[EventCountry "CZE"]

1. e4 c5 2. Nf3 d6 3. d4 cxd4 4. Nxd4 Nf6 5. Nc3 g6 6. Be3 Bg7 7. f3 O-O 8. Qd2 Nc6
9. Bc4 Bd7 10. O-O-O Rc8 11. Bb3 Nxd4 12. Bxd4 b5 13. Nd5 Nxd5 14. Bxg7 Kxg7 15.
exd5 Qb6 16. Rhe1 h5 17. Rxe7 Bf5 18. Qd4+ Qxd4 19. Rxd4 Rfe8 20. Rxe8 Rxe8 21. Kd2
g5 22. a4 a6 23. axb5 axb5 24. Rb4 Bd7 25. c4 bxc4 26. Bxc4 Kf6 27. Rb7 Rd8 28. b4
Ke5 29. Kc3 h4 30. b5 Kf4 31. b6 f5 32. Ra7 Rb8 33. Rxd7 Rxb6 34. Rf7 h3 35. gxh3
Rb1 36. Bd3 Rc1+ 37. Kd2  1-0

[Event "Summer Prague Open 2023 - A"]
[Site "Olympik hotel, Sokolovska 138, Praha"]
[Date "2023.08.05"]
[Round "2"]
[Board "6"]
[White "Neuman, Petr"]
[Black "Hejsek, Lukas"]
[Result "1-0"]
[WhiteElo "2370"]
[BlackElo "2081"]
[PlyCount "0"]
[EventDate "2023.08.04"]
[EventRounds "9"]
[EventCountry "CZE"]

1. e4 c5 2. Nc3 Nc6 3. g3 g6 4. Bg2 Bg7 5. d3 e6 6. Be3 b6 7. Qd2 Bb7 8. Nge2 h5
9. h3 Nge7 10. O-O O-O 11. d4 cxd4 12. Nxd4 Na5 13. b3 d5 14. exd5 Nxd5 15. Nxd5
Bxd5 16. c4 Bxg2 17. Kxg2 e5 18. Nb5 Qxd2 19. Bxd2 Nc6 20. Rad1 Nd4 21. Nxd4 exd4
22. Kf3 Rac8 23. Ke4 b5 24. Rc1 bxc4 25. Rxc4 Rce8+ 26. Kd3 Re6 27. Rfc1 Rf6 28.
f4 Ra6 29. a4 Rb8 30. Rc8+ Rxc8 31. Rxc8+ Kh7 32. a5 Rf6 33. b4 g5 34. b5 h4 35.
g4 gxf4 36. Rc6 f3 37. Rxf6 Bxf6 38. b6 f2 39. Ke2 d3+ 40. Kf1 Bd4 41. b7 Be5 42.
Kxf2 Kg6 43. Ke3 f5 44. gxf5+ Kxf5 45. Kxd3 a6 46. Be1 Ke6 47. Ke4 Bh2 48. Bxh4 Kd7
49. Bg5  1-0

[Event "Summer Prague Open 2023 - A"]
[Site "Olympik hotel, Sokolovska 138, Praha"]
[Date "2023.08.05"]
[Round "2"]
[Board "7"]
[White "Shamian, Artur"]
[Black "Berin, Artem"]
[Result "1/2-1/2"]
[WhiteElo "2078"]
[BlackElo "2337"]
[PlyCount "0"]
[EventDate "2023.08.04"]
[EventRounds "9"]
[EventCountry "CZE"]

1. d4 Nf6 2. Bf4 g6 3. e3 Bg7 4. Nf3 O-O 5. Be2 d6 6. O-O Nc6 7. h3 Nd7 8. Bh2 e5
9. Nc3 f5 10. Re1 e4 11. Nd2 Nf6 12. f3 Bh6 13. Bc4+ d5 14. Bb3 Na5 15. Nb5 Ne8 16.
c4 dxc4 17. Nxc4 Nxb3 18. axb3 Be6 19. fxe4 fxe4 20. Nc3 Nf6 21. Qe2 a6 22. Rf1 b5
23. Nd2 Nd5 24. Nxd5 Bxd5 25. Rxf8+ Qxf8 26. Rf1 Qb4 27. Bf4 Bg7 28. Rc1 c6 29. h4
Rf8 30. g3 h6 31. Rc3 Qe7 32. Qg4 Kh7 33. Rc1 a5 34. Ra1 Qb4 35. Rd1 a4 36. Be5 Bxe5
37. dxe5 Qc5 38. Re1 Qc2 39. Rf1 Rxf1+ 40. Nxf1 Qxb3 41. h5 gxh5 42. Qf5+ Kg8 43.
Qg6+ Kf8 44. Qxh6+ Ke8 45. Qxh5+ Kd7 46. Qh7+ Kc8 47. Qa7 b4 48. Qa8+ Kd7 49. Qb7+
Ke6 50. Qb8 Kf5 51. Qh8 Ke6 52. Qe8+ Kf5 53. Qh5+ Ke6 54. Qe8+  1/2-1/2

[Event "Summer Prague Open 2023 - A"]
[Site "Olympik hotel, Sokolovska 138, Praha"]
[Date "2023.08.05"]
[Round "2"]
[Board "8"]
[White "Kulhanek, Tomas"]
[Black "Kovalskyi, Roman"]
[Result "1/2-1/2"]
[WhiteElo "2328"]
[BlackElo "2064"]
[PlyCount "0"]
[EventDate "2023.08.04"]
[EventRounds "9"]
[EventCountry "CZE"]

1. e4 c5 2. Nc3 g6 3. d4 cxd4 4. Qxd4 Nf6 5. Nf3 Nc6 6. Qa4 d6 7. e5 dxe5 8. Nxe5
Bd7 9. Nxd7 Nxd7 10. Bd2 Bg7 11. O-O-O Nb6 12. Qe4 Qd4 13. Qxd4 Nxd4 14. Nb5 O-O
15. Nxd4 Bxd4 16. Be3 Bxe3+ 17. fxe3 Rfd8 18. Be2 Rd7 19. Bf3 Rc7 20. b3 Nd7 21.
Kb2 Ne5 22. Rd5 f6 23. Rhd1 Kf7 24. Rb5 Nxf3 25. gxf3 Rac8 26. c4 b6 27. a4 Ke6 28.
Kc3 Rc5 29. Rd5 Rxb5 30. axb5 Rc5 31. Rd8 h5 32. Rg8 Kf5 33. Rd8 Rc7 34. b4 e5 35.
Rd6 Kg5 36. Rc6 Rb7 37. Kd3 Kf5 38. Ke2 Rf7 39. Rd6 Rc7 40. Kd3 Rb7 41. Ke2 Rc7 42.
Kd3  1/2-1/2

[Event "Summer Prague Open 2023 - A"]
[Site "Olympik hotel, Sokolovska 138, Praha"]
[Date "2023.08.05"]
[Round "2"]
[Board "9"]
[White "Wilks, Simon"]
[Black "Vedder, Henk"]
[Result "1/2-1/2"]
[WhiteElo "2062"]
[BlackElo "2326"]
[PlyCount "0"]
[EventDate "2023.08.04"]
[EventRounds "9"]
[EventCountry "CZE"]

1. e4 e6 2. d4 d5 3. Nc3 Nf6 4. Bg5 Be7 5. e5 Nfd7 6. Bxe7 Qxe7 7. f4 a6 8. Nf3 c5
9. Qd2 Nc6 10. dxc5 Qxc5 11. Bd3 b5 12. a3 Nb6 13. b4 Qe7 14. Qf2 Rb8 15. O-O Bd7
16. Ne2 f5 17. exf6 gxf6 18. Ned4 O-O 19. Rae1 Qf7 20. Qh4 Rbe8 21. Nxc6 Bxc6 22.
Nd4 Bd7 23. Rf3 Re7 24. Rfe3 Nc8 25. Rg3+ Kh8 26. Bg6 Qg7 27. Bd3 Qf7 28. Bg6 Qg7
29. Be8 Qxg3 30. Qxg3 Rfxe8 31. Qh4 Rf7 32. Qh5 Nd6 33. Re3 Ree7 34. Nf3 Ne4 35.
Rd3  1/2-1/2

[Event "Summer Prague Open 2023 - A"]
[Site "Olympik hotel, Sokolovska 138, Praha"]
[Date "2023.08.05"]
[Round "2"]
[Board "10"]
[White "Hrbolka, Ladislav"]
[Black "von Mettenheim, Johannes"]
[Result "0-1"]
[WhiteElo "2055"]
[BlackElo "2316"]
[PlyCount "0"]
[EventDate "2023.08.04"]
[EventRounds "9"]
[EventCountry "CZE"]

1. d4 d5 2. Nf3 Nf6 3. c4 c6 4. Nc3 dxc4 5. a4 Bf5 6. Ne5 e6 7. f3 Bb4 8. e4 Bxe4
9. fxe4 Nxe4 10. Bd2 Qxd4 11. Nxe4 Qxe4+ 12. Qe2 Bxd2+ 13. Kxd2 Qd5+ 14. Kc2 Na6
15. Nxc4 O-O 16. Rd1 Qf5+ 17. Kb3 b5 18. Ne5 Qf4 19. axb5 cxb5 20. Ka2 Qa4+ 21. Kb1
Nb4 22. Rd3 Qa2+ 23. Kc1 Rac8+  0-1

[Event "Summer Prague Open 2023 - A"]
[Site "Olympik hotel, Sokolovska 138, Praha"]
[Date "2023.08.05"]
[Round "2"]
[Board "11"]
[White "Camarena Jimenez, Rufino"]
[Black "Valkova, Angelika"]
[Result "1/2-1/2"]
[WhiteElo "2308"]
[BlackElo "2057"]
[PlyCount "0"]
[EventDate "2023.08.04"]
[EventRounds "9"]
[EventCountry "CZE"]

1. d4 d5 2. c4 e6 3. Nc3 Nf6 4. Bg5 dxc4 5. e3 c5 6. Bxf6 Qxf6 7. d5 g6 8. Bxc4 Bg7
9. Qa4+ Bd7 10. Qb3 O-O 11. Qxb7 Qh4 12. Qb3 exd5 13. Bxd5 Nc6 14. Nf3 Qh5 15. O-O
Rab8 16. Qc4 Rxb2 17. Rac1 Ne5 18. Nxe5 Bxe5 19. f4 Bxc3 20. Qxc3 Qe2 21. Qxc5 Be6
22. Bf3 Qd2 23. Qxa7 Rxa2 24. Qd4 Rd8 25. Qxd2 Rdxd2 26. Rcd1 Rdb2 27. Ra1 h5 28.
Rxa2 Rxa2 29. h3 f5 30. Rb1 Rd2 31. Rb7 Rd7 32. Rb6 Kf7 33. Kf2 Rd2+ 34. Kg3 Rd3
35. Kh4 Rxe3 36. Kg5 Rd3 37. Rb7+ Rd7 38. Rb6 Re7 39. Bd1 Kg7 40. Bb3 Bxb3 41. Rxb3
Kh7 42. Rb6 Re2 43. Rb7+ Kg8 44. Kf6 Rxg2 45. Rg7+ Kf8 46. Rxg6 Ra2 47. Rg5 h4 48.
Rh5 Ra6+ 49. Kxf5 Kg7 50. Kg5 Ra3 51. Rxh4 Ra5+ 52. f5 Ra3 53. f6+ Kf7 54. Rh7+ Kg8
55. Rg7+ Kf8 56. h4 Rg3+ 57. Kh6 Rf3 58. Kg6 Rg3+ 59. Kh7 Rf3 60. h5 Rxf6 61. h6
Rf1 62. Kh8 Rf6 63. h7 Rf1 64. Rf7+ Kxf7  1/2-1/2

[Event "Summer Prague Open 2023 - A"]
[Site "Olympik hotel, Sokolovska 138, Praha"]
[Date "2023.08.05"]
[Round "2"]
[Board "12"]
[White "Brzezina, Piotr"]
[Black "Shehzad, Shazil"]
[Result "0-1"]
[WhiteElo "2038"]
[BlackElo "2301"]
[PlyCount "0"]
[EventDate "2023.08.04"]
[EventRounds "9"]
[EventCountry "CZE"]

1. d4 Nf6 2. c4 e6 3. Nf3 Bb4+ 4. Bd2 Qe7 5. e3 O-O 6. Be2 Bxd2+ 7. Qxd2 d6 8. Nc3
b6 9. O-O Bb7 10. Qc2 Nbd7 11. e4 c5 12. d5 Ne5 13. Nxe5 dxe5 14. Rad1 exd5 15. exd5
Ne8 16. Bd3 g6 17. Rde1 Qg5 18. Qe2 f6 19. f4 exf4 20. Qf3 Nd6 21. Re6 Rad8 22. Rxd6
Rxd6 23. Ne4 Qe5 24. Nxd6 Qxd6 25. Qxf4 Qxf4 26. Rxf4 Kf7 27. Kf2 Bc8 28. Rf3 Re8
29. Re3 Rd8 30. a4 Bd7 31. b3 f5 32. h4 Kf6 33. g3 h6 34. Re1 Rh8 35. Kf3 g5 36.
Rh1 Re8 37. hxg5+ Kxg5 38. Kf2 h5 39. Be2 Rh8 40. Bf3 h4 41. gxh4+ Rxh4 42. Rxh4
Kxh4 43. Be2 Be8 44. Ke3 Kg5 45. d6 Bc6 46. Bf3 f4+ 47. Kd3 Bd7 48. Ke4 Kf6 49. Kxf4
Ke6 50. Bg4+ Kxd6 51. Bxd7 Kxd7 52. Kf5 a5 53. Kf6 Kd6 54. Kf7 Ke5 55. Ke7 Kd4 56.
Kd6 Kc3 57. Kc6 Kxb3 58. Kb5 Ka3 59. Kxb6 Kb4  0-1

[Event "Summer Prague Open 2023 - A"]
[Site "Olympik hotel, Sokolovska 138, Praha"]
[Date "2023.08.05"]
[Round "2"]
[Board "13"]
[White "Sorm, Daniel"]
[Black "Davidek, Zdenek"]
[Result "0-1"]
[WhiteElo "2295"]
[BlackElo "2051"]
[PlyCount "0"]
[EventDate "2023.08.04"]
[EventRounds "9"]
[EventCountry "CZE"]

1. d4 Nf6 2. Bf4 d5 3. e3 g6 4. h4 Bg7 5. Be2 h5 6. Nf3 Bg4 7. Nbd2 c5 8. O-O O-O
9. c3 Qb6 10. b3 Nc6 11. Ne5 Bxe2 12. Qxe2 Rad8 13. Rac1 Nd7 14. Nxd7 Rxd7 15. Nf3
Re8 16. Rfd1 Red8 17. Rd2 a6 18. Rcd1 Qa7 19. Ne5 Nxe5 20. dxe5 Qb6 21. e4 Qe6 22.
Qe3 b6 23. g3 Kh7 24. Kh2 dxe4 25. Rxd7 Rxd7 26. Rxd7 Qxd7 27. Qxe4 a5 28. c4 a4
29. Qd5 Qxd5 30. cxd5 axb3 31. axb3 Kg8 32. Kg2 e6 33. dxe6 fxe6 34. Kf3 Kh7 35.
Ke4 Bh6 36. f3 Bxf4 37. Kxf4 Kh6 38. g4 hxg4 39. fxg4 g5+ 40. hxg5+ Kg6  0-1

[Event "Summer Prague Open 2023 - A"]
[Site "Olympik hotel, Sokolovska 138, Praha"]
[Date "2023.08.05"]
[Round "2"]
[Board "14"]
[White "Kaderabek, Jiri"]
[Black "Peil, Christoph"]
[Result "0-1"]
[WhiteElo "2027"]
[BlackElo "2293"]
[PlyCount "0"]
[EventDate "2023.08.04"]
[EventRounds "9"]
[EventCountry "CZE"]

1. e4 c5 2. Nf3 Nc6 3. Bb5 g6 4. O-O Bg7 5. d3 e5 6. Bxc6 bxc6 7. Be3 d6 8. h3 f5
9. exf5 gxf5 10. Bg5 Nf6 11. d4 cxd4 12. c3 c5 13. cxd4 cxd4 14. Nxd4 exd4 15. Re1+
Kf7 16. Nd2 Re8 17. Qa4 Be6 18. Nf3 h6 19. Bh4 Qd7 20. Qxd4 Ne4 21. Qe3 Kg8 22. Nd4
Bf7 23. Qd3 Rab8 24. f3 Nc5 25. Qd2 Re5 26. Rad1 Rd5 27. Bf2 Ne6  0-1

[Event "Summer Prague Open 2023 - A"]
[Site "Olympik hotel, Sokolovska 138, Praha"]
[Date "2023.08.05"]
[Round "2"]
[Board "15"]
[White "Kwon, Sehyun"]
[Black "Sadeghi, Hassan Roger"]
[Result "0-1"]
[WhiteElo "2274"]
[BlackElo "2050"]
[PlyCount "0"]
[EventDate "2023.08.04"]
[EventRounds "9"]
[EventCountry "CZE"]

1. e4 e5 2. Nf3 Nc6 3. Bb5 Bc5 4. c3 Nge7 5. d4 exd4 6. cxd4 Bb4+ 7. Nc3 d5 8. e5
Bg4 9. Be3 a6 10. Bd3 Nf5 11. Bc2 Nh4 12. Kf1 Bxf3 13. gxf3 Qd7 14. h3 h6 15. f4
h5 16. Ne2 O-O-O 17. Ng3 Be7 18. f5 Kb8 19. a3 Rdg8 20. Qd3 f6 21. e6 Qd8 22. b4
Bd6 23. b5 axb5 24. Qxb5 Ne7 25. f4 c6 26. Qb3 Qc7 27. Rb1 g6 28. fxg6 Nexg6 29.
Ne2 Nxf4 30. Nxf4 Bxf4 31. Qxb7+ Qxb7 32. Bxf4+ Ka7 33. Rxb7+ Kxb7 34. Rh2 Nf3 35.
Rf2 Rg1+ 36. Ke2 Nxd4+ 37. Kd3 Nxe6 38. Bd6 Ng5 39. Rxf6 Ne4 40. Rf7+ Kb6 41. Be5
Nc5+ 42. Kc3 Re8 43. Bd4 Rg3+ 44. Kb4 Re4  0-1

[Event "Summer Prague Open 2023 - A"]
[Site "Olympik hotel, Sokolovska 138, Praha"]
[Date "2023.08.05"]
[Round "2"]
[Board "16"]
[White "Charaus, Florian"]
[Black "Serrano Salvador, Eduardo"]
[Result "1/2-1/2"]
[WhiteElo "2010"]
[BlackElo "2260"]
[PlyCount "0"]
[EventDate "2023.08.04"]
[EventRounds "9"]
[EventCountry "CZE"]

1. d4 Nf6 2. c4 d6 3. Nc3 e5 4. Nf3 e4 5. Ng5 Qe7 6. Qc2 Nc6 7. e3 Bf5 8. Nd5 Nxd5
9. cxd5 Nb8 10. Bb5+ Kd8 11. h4 h6 12. Nh3 Qxh4 13. Bd2 Nd7 14. O-O-O Nb6 15. Kb1
Qe7 16. Ba5 g5 17. Rc1 Bg7 18. Ng1 Bg6 19. Ne2 f5 20. Nc3 Rf8 21. Na4 Be8 22. Nc3
Bf7 23. Be2 Be8 24. Bb5 Rf7 25. Be2 Rf8  1/2-1/2

[Event "Summer Prague Open 2023 - A"]
[Site "Olympik hotel, Sokolovska 138, Praha"]
[Date "2023.08.05"]
[Round "2"]
[Board "17"]
[White "Priehoda, Vitezslav"]
[Black "Zezula, Jakub"]
[Result "1-0"]
[WhiteElo "2254"]
[BlackElo "2024"]
[PlyCount "0"]
[EventDate "2023.08.04"]
[EventRounds "9"]
[EventCountry "CZE"]

1. c4 e5 2. Nc3 Nc6 3. Nf3 g6 4. e3 Bg7 5. d4 d6 6. d5 Nb8 7. e4 Nf6 8. h3 O-O 9.
g4 a5 10. Be3 Qe7 11. Be2 Na6 12. Nd2 Bd7 13. Nf1 c6 14. Ng3 cxd5 15. cxd5 Rfc8 16.
g5 Ne8 17. Na4 Bxa4 18. Qxa4 Nb4 19. Rc1 f6 20. O-O Rxc1 21. Rxc1 fxg5 22. a3 Na6
23. Qxa5 Bf6 24. Kg2 h5 25. Nf1 Qf7 26. Nd2 Kg7 27. Nc4 Rc8 28. Nxe5 dxe5 29. Rxc8
Nd6 30. Rc2 Nxe4 31. Bxa6 bxa6 32. Rc7 Be7 33. d6  1-0

[Event "Summer Prague Open 2023 - A"]
[Site "Olympik hotel, Sokolovska 138, Praha"]
[Date "2023.08.05"]
[Round "2"]
[Board "18"]
[White "Robledo, Mark"]
[Black "Degenhard, Simon"]
[Result "1/2-1/2"]
[WhiteElo "1991"]
[BlackElo "2242"]
[PlyCount "0"]
[EventDate "2023.08.04"]
[EventRounds "9"]
[EventCountry "CZE"]

1. Nf3 d5 2. d4 Nf6 3. c4 e6 4. g3 Be7 5. Bg2 O-O 6. O-O dxc4 7. Qc2 b6 8. Ne5 Qxd4
9. Bxa8 Qxe5 10. Bf4 Qh5 11. Bf3 Ng4 12. Bxg4 Qxg4 13. Nd2 b5 14. Qe4 Na6 15. a4
Nc5 16. Qf3 Qxf3 17. exf3 Nxa4 18. Nxc4 Bb7 19. Bxc7 Bxf3 20. Rfc1 Bg5 21. Bf4 Bxf4
22. gxf4 Rd8 23. Nd6 Nxb2 24. Rxa7 Nd3 25. Rc3 Be2 26. Nxf7 Rb8 27. Rcc7 Nxf4 28.
Ng5 Nh5 29. Nxe6 Kh8 30. Nd4 Bd3 31. h4 h6 32. Kh2 Re8 33. Re7 Rg8 34. Rab7 Bc4 35.
Nxb5 Rf8 36. Kg1 Rf4 37. Rb8+ Kh7 38. Nd6 Rg4+ 39. Kh2 Bd5 40. f3 Bxf3 41. Rf8 Bc6
42. Rc7 Rg2+ 43. Kh3 Rg3+ 44. Kh2 Rg2+  1/2-1/2

[Event "Summer Prague Open 2023 - A"]
[Site "Olympik hotel, Sokolovska 138, Praha"]
[Date "2023.08.05"]
[Round "2"]
[Board "19"]
[White "Ahn, Hongjin"]
[Black "Deligiannis, Christos Nikolaos"]
[Result "1-0"]
[WhiteElo "2240"]
[BlackElo "2016"]
[PlyCount "0"]
[EventDate "2023.08.04"]
[EventRounds "9"]
[EventCountry "CZE"]

1. c4 e6 2. Nf3 f5 3. g3 b6 4. Bg2 Bb7 5. O-O Nf6 6. d3 Be7 7. Nc3 O-O 8. e4 fxe4
9. Ng5 Qc8 10. dxe4 Bb4 11. e5 Bxg2 12. Kxg2 Qb7+ 13. f3 Bxc3 14. bxc3 Ng4 15. Qd4
Nh6 16. Qd3 Nf5 17. g4 Nh4+ 18. Kg3 Ng6 19. h4 Nc6 20. f4 Ncxe5 21. fxe5 Rxf1 22.
Qxf1 Nxe5 23. Qe2 d6 24. Bf4 h6 25. Nh3 Rf8 26. Bxe5 dxe5 27. Re1 Qc6 28. Qxe5 Rf3+
29. Kh2 Qxc4 30. Qxe6+ Qxe6 31. Rxe6 Rxc3 32. Re2 Rc4 33. Kg3 Rc3+ 34. Kg2 Rc4 35.
Kf3 h5 36. g5 Rxh4 37. g6 Kf8 38. Ng5 Rg4 39. Nh7+  1-0

[Event "Summer Prague Open 2023 - A"]
[Site "Olympik hotel, Sokolovska 138, Praha"]
[Date "2023.08.05"]
[Round "2"]
[Board "20"]
[White "Schirm, Friedmar"]
[Black "Rehak, Martin"]
[Result "1/2-1/2"]
[WhiteElo "2235"]
[BlackElo "1991"]
[PlyCount "0"]
[EventDate "2023.08.04"]
[EventRounds "9"]
[EventCountry "CZE"]

1. d4 Nf6 2. Nf3 g6 3. g3 Bg7 4. Bg2 O-O 5. O-O d5 6. c4 c6 7. cxd5 cxd5 8. Nc3 Nc6
9. Ne5 e6 10. f4 Nd7 11. Be3 Ncxe5 12. fxe5 f6 13. exf6 Nxf6 14. Qd2 Bd7 15. Kh1
b5 16. a3 a5 17. Bg1 Qb6 18. b4 axb4 19. axb4 Qd6 20. Rxa8 Rxa8 21. Qd3 Qxb4 22.
Rxf6 Bxf6 23. Nxd5 exd5 24. Bxd5+ Be6 25. Bxa8 Qc4 26. Qe4 b4 27. h4 b3 28. Qf4 Kg7
29. Be4 Bxd4 30. Bd3 Bd5+ 31. e4 Qxd3 32. exd5 Bf6 33. Qc7+ Kh6 34. Qf4+ Kg7 35.
Qc7+ Kh6  1/2-1/2

[Event "Summer Prague Open 2023 - A"]
[Site "Olympik hotel, Sokolovska 138, Praha"]
[Date "2023.08.06"]
[Round "3"]
[Board "2"]
[White "Kratochvil, Vit"]
[Black "Pulpan, Jakub"]
[Result "1/2-1/2"]
[WhiteElo "2181"]
[BlackElo "2417"]
[PlyCount "0"]
[EventDate "2023.08.04"]
[EventRounds "9"]
[EventCountry "CZE"]

1. e4 e5 2. Nf3 Nc6 3. Bc4 Nf6 4. d3 Bc5 5. O-O a6 6. c3 Ba7 7. Be3 Bxe3 8. fxe3
d6 9. Bb3 O-O 10. Nbd2 Be6 11. Bc2 h6 12. Qe1 d5 13. exd5 Bxd5 14. Nh4 Ng4 15. e4
Be6 16. Rf3 b5 17. Bb3 b4 18. Qg3 Bxb3 19. axb3 Qg5 20. Nc4 Nf6 21. Qf2 Ng4 22. Qg3
Nf6 23. Qf2 Ng4 24. Qg3  1/2-1/2

[Event "Summer Prague Open 2023 - A"]
[Site "Olympik hotel, Sokolovska 138, Praha"]
[Date "2023.08.06"]
[Round "3"]
[Board "3"]
[White "Jurcik, Marian"]
[Black "Beeck, Mats"]
[Result "1/2-1/2"]
[WhiteElo "2411"]
[BlackElo "2180"]
[PlyCount "0"]
[EventDate "2023.08.04"]
[EventRounds "9"]
[EventCountry "CZE"]

1. c4 Nf6 2. Nc3 e5 3. Nf3 Nc6 4. e3 Bb4 5. Qc2 Bxc3 6. Qxc3 Qe7 7. a3 d5 8. cxd5
Nxd5 9. Qb3 Nb6 10. d3 g5 11. h3 h5 12. Qc2 g4 13. hxg4 Bxg4 14. Be2 O-O-O 15. Bd2
f5 16. Bc3  1/2-1/2

[Event "Summer Prague Open 2023 - A"]
[Site "Olympik hotel, Sokolovska 138, Praha"]
[Date "2023.08.06"]
[Round "3"]
[Board "4"]
[White "Houska, Jiri"]
[Black "Krause, Benedict"]
[Result "1/2-1/2"]
[WhiteElo "2174"]
[BlackElo "2409"]
[PlyCount "0"]
[EventDate "2023.08.04"]
[EventRounds "9"]
[EventCountry "CZE"]

1. d4 Nf6 2. c4 g6 3. Nc3 d5 4. Nf3 Bg7 5. cxd5 Nxd5 6. e4 Nxc3 7. bxc3 c5 8. Rb1
O-O 9. Be2 Bg4 10. O-O Bxf3 11. Bxf3 cxd4 12. cxd4 Bxd4 13. Rxb7 Nc6 14. Bf4 Rc8
15. e5 Nxe5 16. Bxe5 Bxe5 17. Qxd8 Rfxd8 18. Rxe7 Bd4 19. Rd1 Kf8 20. Re2 Bb6 21.
Rxd8+ Rxd8 22. g3  1/2-1/2

[Event "Summer Prague Open 2023 - A"]
[Site "Olympik hotel, Sokolovska 138, Praha"]
[Date "2023.08.06"]
[Round "3"]
[Board "5"]
[White "Itgelt, Khuyagtsogt"]
[Black "Kawulok, Marek"]
[Result "1-0"]
[WhiteElo "2397"]
[BlackElo "2173"]
[PlyCount "0"]
[EventDate "2023.08.04"]
[EventRounds "9"]
[EventCountry "CZE"]

1. d4 Nf6 2. Nf3 d5 3. g3 c5 4. Bg2 cxd4 5. O-O h6 6. c4 dxc3 7. Nxc3 Nc6 8. Bf4
g5 9. Be5 Bg7 10. Bxf6 Bxf6 11. Nxd5 Bxb2 12. Rb1 Bg7 13. h4 O-O 14. hxg5 hxg5 15.
e4 e6 16. Ne3 Qe7 17. Rb5 Rd8 18. Qe2 a6 19. Rxg5 Nd4 20. Rxg7+ Kxg7 21. Nxd4 Rxd4
22. Qg4+ Kf8 23. Qh5 f6 24. Ng4 Rd8 25. e5 f5 26. Nf6 Qg7 27. Rc1 Bd7 28. Rc7 Rac8
29. Nxd7+ Rxd7 30. Rxc8+  1-0

[Event "Summer Prague Open 2023 - A"]
[Site "Olympik hotel, Sokolovska 138, Praha"]
[Date "2023.08.06"]
[Round "3"]
[Board "6"]
[White "Jordanov, Mihail"]
[Black "Neuman, Petr"]
[Result "1/2-1/2"]
[WhiteElo "2152"]
[BlackElo "2370"]
[PlyCount "0"]
[EventDate "2023.08.04"]
[EventRounds "9"]
[EventCountry "CZE"]

1. e4 c6 2. d4 d5 3. e5 Bf5 4. Nd2 e6 5. Nb3 Nd7 6. Nf3 Ne7 7. Be2 Bg6 8. O-O Nf5
9. a4 h5 10. g3 a6 11. a5 Be7 12. Bf4 c5 13. c4 dxc4 14. Bxc4 cxd4 15. Nfxd4 Nc5
16. Nxc5 Bxc5 17. Qa4+ Qd7 18. Nxf5 Bxf5 19. b4 Qxa4 20. Rxa4 Be7 21. b5 O-O 22.
bxa6 bxa6 23. h4 Rfc8 24. Be2 g6 25. Rc1 Bd8 26. Rxc8 Rxc8 27. Be3 Bc2 28. Ra1 Be4
29. Bb6 Bxb6 30. axb6 Rc2 31. Bxa6 Rb2 32. b7  1/2-1/2

[Event "Summer Prague Open 2023 - A"]
[Site "Olympik hotel, Sokolovska 138, Praha"]
[Date "2023.08.06"]
[Round "3"]
[Board "7"]
[White "von Mettenheim, Johannes"]
[Black "Netusil, Miloslav"]
[Result "1-0"]
[WhiteElo "2316"]
[BlackElo "2159"]
[PlyCount "0"]
[EventDate "2023.08.04"]
[EventRounds "9"]
[EventCountry "CZE"]

1. d4 d5 2. c4 Bf5 3. Qb3 Bxb1 4. Rxb1 e6 5. Qxb7 Nd7 6. Nf3 Rb8 7. Qxa7 Bb4+ 8.
Bd2 Bxd2+ 9. Nxd2 Ne7 10. Qa4 O-O 11. e3 c5 12. dxc5 Nxc5 13. Qa3 Qc7 14. b4 Nd7
15. c5 Ra8 16. Qc3 Rxa2 17. Bd3 f5 18. O-O f4 19. Nf3 fxe3 20. fxe3 h6 21. e4 Qf4
22. Rbe1 Qg4 23. Bc2 Ng6 24. exd5 exd5 25. Rf2 Rfa8 26. Bb3 Rxf2 27. Bxd5+ Kh8 28.
Kxf2 Rf8 29. Be6 Rxf3+ 30. Qxf3 Qxb4 31. Bxd7  1-0

[Event "Summer Prague Open 2023 - A"]
[Site "Olympik hotel, Sokolovska 138, Praha"]
[Date "2023.08.06"]
[Round "3"]
[Board "8"]
[White "Shehzad, Shazil"]
[Black "Pyrig, Roman"]
[Result "1/2-1/2"]
[WhiteElo "2301"]
[BlackElo "2134"]
[PlyCount "0"]
[EventDate "2023.08.04"]
[EventRounds "9"]
[EventCountry "CZE"]

1. d4 Nf6 2. Nc3 d5 3. Bf4 e6 4. Nb5 Na6 5. e3 c6 6. Nc3 Qa5 7. a3 Ne4 8. Nge2 Bd6
9. b4 Nxc3 10. Nxc3 Qc7 11. Bxd6 Qxd6 12. Bxa6 bxa6 13. Na4 a5 14. Nc5 O-O 15. f4
Qc7 16. Qd2 Bb7 17. O-O Rfb8 18. bxa5 Bc8 19. Rab1 Rxb1 20. Rxb1 Rb8 21. Rb3 h6 22.
g3 Kh8 23. h4 Kg8 24. Qc3 Kh8 25. Nd3 Ba6 26. Ne5 Rc8 27. Qc5 Kh7 28. h5 Bb5 29.
Qb4 Bc4 30. Rb1 Ba6 31. Qc5 Bb5 32. Qc3 Ba6 33. g4 Qe7 34. Qc5 Qh4 35. Kg2 f6 36.
Nf3 Qxg4+ 37. Kf2 Be2 38. Kxe2 Qg2+ 39. Kd3 Qxf3 40. Rb7 Qd1+ 41. Kc3 Qg1 42. Kb2
a6 43. Qe7 Qg4 44. Kb3 Rg8 45. Kb4 Qg1 46. Kc5 Qxe3 47. Kb6 Qxd4+ 48. Qc5 Qxf4 49.
Kxa6 Ra8+ 50. Ra7 Rb8 51. Rb7 Ra8+ 52. Ra7 Qf1+ 53. Kb7 Re8 54. Qxc6 Qb1+ 55. Ka6
Rb8 56. Rb7 Ra8+ 57. Ra7 Qf1+ 58. Kb7 Rf8 59. Ra8 Rf7+ 60. Kb6 Qf2+ 61. Kb5 Qe2+
62. Kb4 Qe5 63. Rh8+ Kxh8 64. Qe8+ Kh7 65. Qxf7 Qb2+ 66. Kc5 Qxc2+ 67. Kb5 Qd3+ 68.
Kb6 Qe3+ 69. Kc6 Qc3+ 70. Kb6 Qb2+ 71. Kc6 Qc2+ 72. Kb5 Qb1+ 73. Kc5 Qc1+ 74. Kb5
Qc4+ 75. Kb6 Qb3+ 76. Kc6 Qc3+ 77. Kb5 Qd3+ 78. Kb6 d4 79. a6 Qb3+ 80. Kc7 Qg3+ 81.
Kb6 Qd6+ 82. Kb7 Qd5+ 83. Kc7 Qa5+ 84. Kb7 Qb5+ 85. Kc7 Qe5+ 86. Kc8 Qc5+ 87. Kb7
Qd5+ 88. Kc7 Qc5+  1/2-1/2

[Event "Summer Prague Open 2023 - A"]
[Site "Olympik hotel, Sokolovska 138, Praha"]
[Date "2023.08.06"]
[Round "3"]
[Board "9"]
[White "Peil, Christoph"]
[Black "Pasztor, Ferenc"]
[Result "1-0"]
[WhiteElo "2293"]
[BlackElo "2128"]
[PlyCount "0"]
[EventDate "2023.08.04"]
[EventRounds "9"]
[EventCountry "CZE"]

1. c4 e5 2. Nc3 g6 3. g3 Bg7 4. Bg2 Nc6 5. e4 Nge7 6. Nge2 O-O 7. O-O d6 8. d3 Be6
9. Nd5 Bxd5 10. cxd5 Nd4 11. Nxd4 exd4 12. Qb3 Rb8 13. Bh3 Kh8 14. Qa4 a6 15. Bd2
Ra8 16. Ba5 b6 17. Bd2 Ra7 18. Rac1 h6 19. f4 f5 20. Rfe1 b5 21. Qb3 Qd7 22. Bg2
Rc8 23. e5 c5 24. dxc6 Nxc6 25. e6 Qe8 26. Bxc6 Rxc6 27. Rxc6 Qxc6 28. e7 Qe8 29.
Qe6  1-0

[Event "Summer Prague Open 2023 - A"]
[Site "Olympik hotel, Sokolovska 138, Praha"]
[Date "2023.08.06"]
[Round "3"]
[Board "10"]
[White "Davidek, Zdenek"]
[Black "Priehoda, Vitezslav"]
[Result "0-1"]
[WhiteElo "2051"]
[BlackElo "2254"]
[PlyCount "0"]
[EventDate "2023.08.04"]
[EventRounds "9"]
[EventCountry "CZE"]

1. d4 c5 2. d5 e5 3. e4 a6 4. a4 d6 5. Nc3 g6 6. Nf3 Bg4 7. Be2 Bxf3 8. Bxf3 h5 9.
g3 h4 10. O-O Bh6 11. Bxh6 Nxh6 12. Qd2 Qf6 13. Bg2 Nd7 14. Rae1 Qg7 15. f4 hxg3
16. hxg3 O-O-O 17. Nd1 Ng4 18. Ne3 Ndf6 19. Nxg4 Nxg4 20. Bf3 Nh2 21. Rf2 Nxf3+ 22.
Rxf3 Rh3 23. Re2 Rdh8 24. Rg2 exf4 25. Rxf4 Qxb2 26. Rxf7 Qa1+ 27. Kf2 Rh1 28. Ke2
Qxa4 29. Rf4 Re8 30. Qd3 g5 31. Rg4 Qa1 32. Qd2 Qf1+ 33. Ke3 Qf5 34. Qe2 Re1  0-1